[Event "CRO-ch Women 2018"]
[Site "Zagreb"]
[Date "2018.05.28"]
[Round "8.1"]
[White "Berke, Ana"]
[Black "Blazeka, Mihaela"]
[Result "1-0"]
[WhiteElo "2175"]
[BlackElo "2028"]
[PlyCount "107"]
[EventDate "2018.??.??"]
[WhiteClock "1:32:00"]
[BlackClock "1:28:00"]

1. e4 e5 2. Nf3 Nc6 3. Bb5 a6 4. Ba4 Nf6 5. O-O Be7 6. Re1 b5 7. Bb3 d6 8. a4
Bg4 9. c3 b4 10. d3 Rb8 11. Nbd2 Qd7 12. a5 Na7 13. d4 Nb5 14. dxe5 bxc3 15.
bxc3 Nh5 16. Qc2 Nf4 17. c4 Na7 18. Ba4 c6 19. Qc3 O-O 20. Qe3 Ng6 21. exd6
Bxd6 22. g3 f5 23. Ba3 Bxa3 24. Rxa3 fxe4 25. Ng5 Rbe8 26. Ngxe4 Ne5 27. f4 Ng6
28. Raa1 Bh3 29. Bd1 Re7 30. Bf3 Rfe8 31. Rad1 Qc7 32. Qc5 Qd7 33. Kf2 Qd3 34.
Qe3 Qd8 35. Qb6 Qd3 36. Re3 Qd7 37. Qxa6 c5 38. Nxc5 Qd4 39. Nde4 Qb2+ 40. Re2
Qa3 41. Qb6 Nc8 42. Qb5 Rf8 43. Nb3 Na7 44. Qb6 Nc8 45. Qe3 Bf5 46. Ra1 Qb4 47.
Qc3 Qb8 48. Rae1 Nxf4 49. gxf4 Qxf4 50. Kg1 Re6 51. Ng3 Rg6 52. Bg2 Rh6 53. Rf1
Qh4 54. Bd5+ 1-0

[Event "CRO-ch Women 2018"]
[Site "Zagreb"]
[Date "2018.05.28"]
[Round "8.2"]
[White "Medic, Mirjana"]
[Black "Spiranec, Noemi"]
[Result "1-0"]
[WhiteElo "2157"]
[BlackElo "1946"]
[PlyCount "153"]
[EventDate "2018.??.??"]
[WhiteClock "1:28:00"]
[BlackClock "1:33:00"]

1. d4 Nf6 2. c4 e6 3. Nc3 Bb4 4. e3 O-O 5. Bd3 d5 6. Nf3 c5 7. O-O dxc4 8. Bxc4
Nbd7 9. a3 cxd4 10. exd4 Bxc3 11. bxc3 Qc7 12. Qb3 Nb6 13. Bd3 Bd7 14. Ne5 Ba4
15. Qb2 Nfd7 16. Bf4 Nd5 17. Bd2 Nxe5 18. dxe5 Qxe5 19. Qxb7 a5 20. Qb1 Nf6 21.
Re1 Qd6 22. Re3 Rab8 23. Qc1 Rfd8 24. Rg3 Rd7 25. Bg5 Ne8 26. Rh3 g6 27. Be2 f6
28. Rd3 Qb6 29. Rxd7 Bxd7 30. Bf4 e5 31. Be3 Qb2 32. Bc4+ Kg7 33. Qxb2 Rxb2 34.
Bd5 Nc7 35. c4 f5 36. f4 Nxd5 37. cxd5 Rb3 38. Bd2 e4 39. Bxa5 Rd3 40. a4 e3
41. Be1 Rxd5 42. a5 Bc6 43. Ra3 Kf7 44. Rxe3 Rd4 45. Rc3 Bb5 46. Rc5 Bd3 47. g3
Re4 48. Re5 Ra4 49. Kf2 Be4 50. Bd2 Rd4 51. Be3 Ra4 52. Bd2 Rd4 53. Ke1 Ra4 54.
Rc5 h5 55. Rc7+ Kf8 56. Ke2 Bd5 57. Rd7 Bf7 58. Rd6 Ke7 59. Rb6 Be6 60. Ke3
Re4+ 61. Kd3 Ra4 62. Bb4+ Kf7 63. Kd4 Ra2 64. a6 Bc8 65. Rc6 Bxa6 66. Rc7+ Ke8
67. Rg7 Rxh2 68. Rxg6 Be2 69. Rg7 Bg4 70. Kd5 Re2 71. Bd6 Re4 72. Be5 Kf8 73.
Ra7 Bf3 74. Ke6 Re3 75. Rh7 Rxe5+ 76. fxe5 Bg4 77. Kf6 1-0

[Event "CRO-ch Women 2018"]
[Site "Zagreb"]
[Date "2018.05.28"]
[Round "8.4"]
[White "Saric, Kristina"]
[Black "Maroslavac, Ivana"]
[Result "1-0"]
[WhiteElo "2228"]
[BlackElo "1781"]
[PlyCount "75"]
[EventDate "2018.??.??"]
[WhiteClock "1:30:00"]
[BlackClock "1:31:00"]

1. e4 e5 2. Nf3 Nc6 3. Bb5 a6 4. Ba4 Nf6 5. O-O Be7 6. Re1 b5 7. Bb3 d6 8. c3
O-O 9. h3 Nb8 10. d4 Nbd7 11. Nbd2 Bb7 12. a4 Re8 13. Bc2 Bf8 14. Bd3 c6 15.
Nf1 g6 16. Ng3 Bg7 17. Bg5 h6 18. Bd2 Qc7 19. Qc1 Kh7 20. Nh2 d5 21. exd5 Nxd5
22. c4 bxc4 23. Bxc4 N7b6 24. Ba5 Qd7 25. dxe5 Bxe5 26. Bxd5 Nxd5 27. Ng4 Bg7
28. Ne4 Rab8 29. Bc3 Rxe4 30. Rxe4 f5 31. Ne5 Qc7 32. Re1 Nxc3 33. Qxc3 Re8 34.
f4 Bxe5 35. Rxe5 Rxe5 36. Qxe5 Qxe5 37. fxe5 Kg7 38. Rd1 1-0

[Event "CRO-ch Women 2018"]
[Site "Zagreb"]
[Date "2018.05.28"]
[Round "8.6"]
[White "Golub, Nikolina"]
[Black "Muha, Magdalena"]
[Result "1-0"]
[WhiteElo "1906"]
[BlackElo "1621"]
[PlyCount "41"]
[EventDate "2018.??.??"]
[WhiteClock "1:30:00"]
[BlackClock "1:29:00"]

1. d4 d5 2. c4 c6 3. Nc3 Nf6 4. Nf3 dxc4 5. a4 Bf5 6. e3 e6 7. Bxc4 Be7 8. O-O
Nbd7 9. Re1 O-O 10. e4 Bg4 11. h3 Bxf3 12. Qxf3 Nb6 13. Qd3 Nxc4 14. Qxc4 Nd7
15. a5 e5 16. d5 cxd5 17. Nxd5 Nf6 18. Rd1 Rc8 19. Qxc8 Qxc8 20. Nxe7+ Kh8 21.
Nxc8 1-0

[Event "CRO-ch Women 2018"]
[Site "Zagreb"]
[Date "2018.05.28"]
[Round "8.7"]
[White "Dasic, Jelena"]
[Black "Radikovic, Anamarija"]
[Result "1-0"]
[WhiteElo "1806"]
[BlackElo "1801"]
[PlyCount "75"]
[EventDate "2018.??.??"]
[WhiteClock "1:31:00"]
[BlackClock "1:26:00"]

1. d4 d5 2. Bf4 Nf6 3. e3 c5 4. c3 Nc6 5. Nf3 Qb6 6. Qb3 c4 7. Qc2 g6 8. Nbd2
Bf5 9. Qc1 Bg7 10. Be2 O-O 11. h3 Rac8 12. Ne5 Nd7 13. Nxd7 Bxd7 14. e4 e5 15.
dxe5 Nxe5 16. exd5 Nd3+ 17. Bxd3 cxd3 18. O-O Qc5 19. c4 b5 20. Be3 Qd6 21. b3
Qe5 22. Rb1 a6 23. Qa3 Ra8 24. Rfe1 Qh5 25. Bf4 g5 26. Bg3 Bc3 27. Ne4 Bd4 28.
Rbd1 Rfe8 29. Rxd3 Bg7 30. Qd6 f5 31. Qxd7 fxe4 32. Rde3 Qg6 33. d6 h5 34. Qc6
h4 35. Rxe4 Rxe4 36. Qxa8+ Kf7 37. Rxe4 hxg3 38. Qe8+ 1-0

[Event "CRO-ch Women 2018"]
[Site "Zagreb"]
[Date "2018.05.28"]
[Round "8.9"]
[White "Komljenovic, Kristina"]
[Black "Arnold, Dora"]
[Result "0-1"]
[WhiteElo "1450"]
[BlackElo "1347"]
[PlyCount "84"]
[EventDate "2018.??.??"]
[WhiteClock "1:31:00"]
[BlackClock "1:29:00"]

1. e4 e5 2. Nf3 Nc6 3. d4 exd4 4. Nxd4 Nf6 5. Bg5 Be7 6. Nxc6 bxc6 7. Bxf6 Bxf6
8. c3 O-O 9. Bd3 d5 10. O-O Re8 11. Re1 dxe4 12. Bc2 Qxd1 13. Bxd1 Bb7 14. Na3
Rad8 15. Bc2 Rd2 16. Rad1 Rxd1 17. Bxd1 c5 18. Nb5 c6 19. Nxa7 Ra8 20. Rxe4 c4
21. b3 g6 22. Rxc4 Rxa7 23. a4 Be7 24. Rd4 Ba6 25. Bf3 c5 26. Rd1 Rc7 27. c4
Rc8 28. Be2 Rb8 29. Rb1 Bc8 30. Bd1 Be6 31. Bc2 Rd8 32. Rd1 Rb8 33. Rb1 Bf6 34.
g3 Bh3 35. Rd1 Bd4 36. Re1 Rb6 37. Re2 Rf6 38. Rd2 Re6 39. Rd1 Re2 40. Bd3 Rxf2
41. Kh1 Bg2+ 42. Kg1 Rd2# 0-1

[Event "CRO-ch Women 2018"]
[Site "Zagreb"]
[Date "2018.05.28"]
[Round "8.10"]
[White "Raguz, Ivanka"]
[Black "Spilek, Kristina"]
[Result "1-0"]
[WhiteElo "1735"]
[BlackElo "1444"]
[PlyCount "81"]
[EventDate "2018.??.??"]
[WhiteClock "1:29:00"]
[BlackClock "1:27:00"]

1. d4 e6 2. Nf3 d5 3. Bg5 Be7 4. h4 h6 5. Bf4 Nf6 6. Nbd2 Bd6 7. Bxd6 Qxd6 8.
c3 Nbd7 9. Qc2 c6 10. g3 e5 11. dxe5 Nxe5 12. Nxe5 Qxe5 13. O-O-O Bf5 14. Qb3
O-O-O 15. Bg2 Ne4 16. Nf3 Qe7 17. Nd4 Bg6 18. h5 Bh7 19. Bh3+ f5 20. Nxf5 Bxf5
21. Bxf5+ Kb8 22. Bxe4 Qxe4 23. e3 Rhf8 24. Rh4 Qe7 25. Rd2 Rf6 26. a4 Rdf8 27.
Qc2 Qf7 28. f4 Qe7 29. Re2 Re6 30. Rh1 Rxe3 31. Rhe1 Rxe2 32. Rxe2 Qd7 33. Qg6
a6 34. Re5 Rf6 35. Qh7 Qg4 36. Re8+ Ka7 37. Qd3 Qxh5 38. Qd4+ b6 39. Re7+ Ka8
40. Qxb6 Qh1+ 41. Kc2 1-0

[Event "CRO-ch Women 2018"]
[Site "Zagreb"]
[Date "2018.05.29"]
[Round "9.1"]
[White "Golub, Nikolina"]
[Black "Berke, Ana"]
[Result "1/2-1/2"]
[WhiteElo "1906"]
[BlackElo "2175"]
[PlyCount "62"]
[EventDate "2018.??.??"]
[WhiteClock "1:30:00"]
[BlackClock "1:30:00"]

1. d4 f5 2. c4 Nf6 3. Nf3 g6 4. g3 Bg7 5. Bg2 O-O 6. O-O d6 7. Nc3 c6 8. Qc2
Na6 9. a3 Qe8 10. Re1 e5 11. dxe5 dxe5 12. e4 Nc5 13. Nd2 Ne6 14. Ne2 Qf7 15.
Rf1 f4 16. Nf3 Nd7 17. b4 g5 18. h3 h5 19. g4 hxg4 20. hxg4 Qg6 21. Bb2 Nd8 22.
c5 Nf7 23. Nd2 Nf6 24. f3 Qh6 25. Nc4 Re8 26. Bc3 Nh7 27. Rfd1 Nf8 28. Nd6 Nxd6
29. Rxd6 Be6 30. Rad1 Qf6 31. Nc1 Ng6 1/2-1/2

[Event "CRO-ch Women 2018"]
[Site "Zagreb"]
[Date "2018.05.29"]
[Round "9.2"]
[White "Saric, Kristina"]
[Black "Medic, Mirjana"]
[Result "1-0"]
[WhiteElo "2228"]
[BlackElo "2157"]
[PlyCount "53"]
[EventDate "2018.??.??"]
[WhiteClock "1:28:00"]
[BlackClock "1:30:00"]

1. e4 e6 2. d4 d5 3. Nd2 Be7 4. Bd3 c5 5. dxc5 Bxc5 6. Ngf3 Nf6 7. O-O Nc6 8.
Qe2 dxe4 9. Nxe4 Nxe4 10. Bxe4 Bd7 11. Bf4 Qe7 12. Rad1 O-O-O 13. Bxc6 Bxc6 14.
Qe5 Bd5 15. Qb8+ Kd7 16. Rxd5+ exd5 17. Qxb7+ Ke8 18. Re1 Qxe1+ 19. Nxe1 Be7
20. Nd3 f6 21. Bc7 Rd7 22. Qc8+ Bd8 23. Bxd8 Rxd8 24. Qe6+ Kf8 25. Nc5 h5 26.
Nd7+ Rxd7 27. Qxd7 1-0

[Event "CRO-ch Women 2018"]
[Site "Zagreb"]
[Date "2018.05.29"]
[Round "9.3"]
[White "Cvitan, Ena"]
[Black "Blazeka, Mihaela"]
[Result "1-0"]
[WhiteElo "2103"]
[BlackElo "2028"]
[PlyCount "69"]
[EventDate "2018.??.??"]
[WhiteClock "1:30:00"]
[BlackClock "1:30:00"]

1. d4 Nf6 2. Nf3 e6 3. Bf4 Be7 4. h3 O-O 5. e3 c5 6. Nbd2 Nc6 7. c3 b6 8. Bd3
Re8 9. O-O d5 10. Qe2 Bd6 11. Ne5 Bb7 12. Bg3 Bxe5 13. dxe5 Nd7 14. f4 c4 15.
Bc2 b5 16. Nf3 b4 17. Bxh7+ Kxh7 18. Ng5+ Kg6 19. Qc2+ f5 20. exf6+ Kxf6 21.
Ne4+ Ke7 22. Bh4+ Nf6 23. Nxf6 gxf6 24. Qh7+ Kd6 25. Qxb7 Re7 26. Qa6 Qh8 27.
cxb4 Qxh4 28. b5 Rc7 29. e4 Rg8 30. Qa3+ Kd7 31. bxc6+ Kxc6 32. exd5+ exd5 33.
Rae1 f5 34. Qa6+ Kd7 35. Qe6+ 1-0

[Event "CRO-ch Women 2018"]
[Site "Zagreb"]
[Date "2018.05.29"]
[Round "9.4"]
[White "Spiranec, Noemi"]
[Black "Vujnovic, Patricija"]
[Result "1-0"]
[WhiteElo "1946"]
[BlackElo "2110"]
[PlyCount "109"]
[EventDate "2018.??.??"]
[WhiteClock "1:30:00"]
[BlackClock "1:30:00"]

1. d4 Nf6 2. c4 e6 3. g3 d5 4. Bg2 Bb4+ 5. Bd2 Be7 6. Nf3 c6 7. O-O Nbd7 8. Qc2
O-O 9. Bf4 dxc4 10. Qxc4 Nd5 11. Bd2 b5 12. Qxc6 Rb8 13. Rc1 a6 14. Qc2 Bb7 15.
Nc3 N5f6 16. a3 Rc8 17. Qd3 Nb6 18. b3 Nbd5 19. Ne5 Bd6 20. Nxd5 Rxc1+ 21. Rxc1
Nxd5 22. Nc6 Qd7 23. Ne5 Qe7 24. b4 Nb6 25. Nc6 Qd7 26. Na5 Bxg2 27. Kxg2 Be7
28. Rc6 Nc4 29. Rxa6 Rc8 30. f3 Bf6 31. Bc3 Nxa3 32. Nb3 Nc4 33. Nc5 Qd8 34.
Qe4 Nd6 35. Qd3 Nc4 36. Ra7 Be7 37. Qe4 Nd6 38. Qg4 Nf5 39. Kf2 Bf6 40. e3 g6
41. Qe4 Nd6 42. Qb1 Ra8 43. Qa2 Rxa7 44. Qxa7 Nf5 45. Nd7 Kg7 46. e4 Nd6 47. e5
Bxe5 48. dxe5 Nc4 49. Qd4 g5 50. Nf6 Qa8 51. Qd3 Qa2+ 52. Kg1 Qa7+ 53. Bd4 Nxe5
54. Qxh7+ Kxf6 55. Bxa7 1-0

[Event "CRO-ch Women 2018"]
[Site "Zagreb"]
[Date "2018.05.29"]
[Round "9.5"]
[White "Ivekovic, Tihana"]
[Black "Dasic, Jelena"]
[Result "1-0"]
[WhiteElo "2184"]
[BlackElo "1806"]
[PlyCount "55"]
[EventDate "2018.??.??"]
[WhiteClock "1:30:00"]
[BlackClock "1:30:00"]

1. d4 e6 2. c4 f5 3. g3 Nf6 4. Bg2 Be7 5. Nf3 O-O 6. O-O d6 7. b3 a5 8. Bb2 Qe8
9. Nc3 Ne4 10. Qc2 Qg6 11. Rac1 Nc6 12. a3 Bf6 13. d5 Nxc3 14. Bxc3 Ne5 15. Nd4
exd5 16. cxd5 Bd7 17. Bb2 c5 18. dxc6 bxc6 19. Nxc6 Rac8 20. Nxe5 dxe5 21. Qd2
Rcd8 22. Qxa5 f4 23. Bxe5 fxg3 24. hxg3 Bg5 25. Rcd1 Bg4 26. Rxd8 Rxd8 27. Bf4
Bf6 28. e4 1-0

[Event "CRO-ch Women 2018"]
[Site "Zagreb"]
[Date "2018.05.29"]
[Round "9.6"]
[White "Arnold, Dora"]
[Black "Maroslavac, Ivana"]
[Result "1/2-1/2"]
[WhiteElo "1347"]
[BlackElo "1781"]
[PlyCount "87"]
[EventDate "2018.??.??"]
[WhiteClock "1:30:00"]
[BlackClock "1:30:00"]

1. e4 e5 2. Nf3 Nc6 3. Bc4 Bc5 4. c3 Nf6 5. d3 a6 6. Bb3 d6 7. Be3 Bxe3 8. fxe3
O-O 9. Nbd2 Qe7 10. O-O Be6 11. Bc2 Rae8 12. d4 exd4 13. exd4 Bg4 14. Qe1 h6
15. Nh4 Nh7 16. Qg3 Qg5 17. Rf4 Bd7 18. Qf2 Nd8 19. Rf1 Qe7 20. Nf5 Bxf5 21.
Rxf5 Qd7 22. Qg3 Re6 23. Qf3 Rf6 24. Rxf6 Nxf6 25. Qd3 Nh7 26. e5 g6 27. exd6
Qxd6 28. Ne4 Qe7 29. Bb3 Ne6 30. Qh3 Kg7 31. Bxe6 fxe6 32. Rxf8 Nxf8 33. Nc5 c6
34. Qg3 a5 35. Nb3 a4 36. Na5 Qd7 37. Qb8 b5 38. Qb6 e5 39. Qxc6 exd4 40. Qxd7+
Nxd7 41. cxd4 Kf6 42. Kf2 Ke6 43. Ke3 Kd5 44. Kd3 1/2-1/2

[Event "CRO-ch Women 2018"]
[Site "Zagreb"]
[Date "2018.05.29"]
[Round "9.8"]
[White "Koksa, Jelena"]
[Black "Bevanda, Ema"]
[Result "1/2-1/2"]
[WhiteElo "1600"]
[BlackElo "1471"]
[PlyCount "40"]
[EventDate "2018.??.??"]
[WhiteClock "1:30:00"]
[BlackClock "1:30:00"]

1. e4 e6 2. d4 d5 3. Nd2 Nf6 4. e5 Nfd7 5. Bd3 c5 6. c3 Nc6 7. Ne2 Be7 8. O-O
O-O 9. Nf3 a6 10. Nf4 cxd4 11. cxd4 b5 12. Bb1 Bb7 13. Qd3 g6 14. a3 Rc8 15.
Nh5 Re8 16. Bh6 Bf8 17. Bg5 Be7 18. Bh6 Bf8 19. Bg5 Be7 20. Bh6 Bf8 1/2-1/2

[Event "CRO-ch Women 2018"]
[Site "Zagreb"]
[Date "2018.05.29"]
[Round "9.9"]
[White "Radikovic, Anamarija"]
[Black "Komljenovic, Kristina"]
[Result "1-0"]
[WhiteElo "1801"]
[BlackElo "1450"]
[PlyCount "67"]
[EventDate "2018.??.??"]
[WhiteClock "1:30:00"]
[BlackClock "1:30:00"]

1. d4 e6 2. c4 d5 3. Nc3 Bb4 4. e3 Nf6 5. Bd3 O-O 6. Nge2 Nbd7 7. O-O c5 8. a3
Bxc3 9. Nxc3 cxd4 10. exd4 Nb6 11. c5 Nbd7 12. Bg5 h6 13. Bh4 a6 14. Bc2 Qc7
15. Bg3 Qd8 16. Qd3 Re8 17. Rfe1 b5 18. b4 Nf8 19. a4 Bd7 20. axb5 Bxb5 21.
Nxb5 axb5 22. Qxb5 Rxa1 23. Rxa1 N6d7 24. c6 Qb6 25. Qa4 Nf6 26. b5 Rc8 27. Bd6
N8h7 28. Bc5 Qc7 29. b6 Qd8 30. c7 Qd7 31. Qxd7 Nxd7 32. Ra7 Nhf6 33. b7 Rxc7
34. Ra8+ 1-0

[Event "CRO-ch Women 2018"]
[Site "Zagreb"]
[Date "2018.05.29"]
[Round "9.10"]
[White "Spilek, Kristina"]
[Black "Putar, Lara"]
[Result "1/2-1/2"]
[WhiteElo "1444"]
[BlackElo "1571"]
[PlyCount "65"]
[EventDate "2018.??.??"]
[WhiteClock "1:30:00"]
[BlackClock "1:30:00"]

1. e4 e6 2. d4 d5 3. exd5 exd5 4. Nf3 Bd6 5. Bd3 Ne7 6. O-O O-O 7. Bg5 f6 8.
Be3 Bf5 9. Re1 Nd7 10. c3 c6 11. Qc2 Bxd3 12. Qxd3 Rb8 13. Nbd2 Re8 14. Nf1 Nb6
15. b3 Qc7 16. Ng3 Ng6 17. Nf5 Bf4 18. g3 Bxe3 19. Rxe3 Rxe3 20. Nxe3 Re8 21.
Re1 a5 22. Ng2 Rxe1+ 23. Nfxe1 a4 24. Qe3 Qd7 25. Nd3 Ne7 26. Nc5 Qc7 27. Qe6+
Kf8 28. Ne3 axb3 29. axb3 Nbc8 30. Nf5 Nb6 31. Qxe7+ Qxe7 32. Nxe7 Kxe7 33.
Nxb7 1/2-1/2